Plurivincitori Festival di Sanremo - Statistics

Statistiche generali
  • Questo quiz è stato fatto 180 volte
  • Il punteggio medio è 13 su 20
Statistiche sulle risposte
Numero vittorie Anni Cantante % Corretto
4 1958, 1959, 1962, 1966 Domenico Modugno
91%
2 2013, 2023 Marco Mengoni
87%
2 2019, 2022 Mahmood
86%
2 2009, 2014 Arisa
80%
3 1967, 1969, 1974 Iva Zanicchi
78%
2 1951, 1952 Nilla Pizzi
76%
4 1955, 1957, 1962, 1967 Claudio Villa
73%
2 2016, 2017 Francesco Gabbani
72%
2 2007, 2018 Fabrizio Moro
71%
2 1989, 1999 Anna Oxa
64%
2 1987, 1993 Enrico Ruggeri
61%
2 1978, 2002 Matia Bazar
61%
2 1984, 1986 Eros Ramazzotti
60%
2 1990, 2004 Marco Masini
57%
2 1971, 1972 Nicola Di Bari
56%
2 1973, 1976 Peppino di Capri
54%
2 1964, 1966 Gigliola Cinquetti
49%
2 1958, 1959 Johnny Dorelli
46%
2 1992, 1994 Aleandro Baldi
43%
2 1965, 1969 Bobby Solo
41%
Nessun quiz corrispondente trovato
Distribuzione punteggi
Percentuale di utenti per punteggio
Percentile per numero di risposta
I tuoi punteggi nel tempo
Non hai fatto questo quiz